| 000 | 00485nam a22001817a 4500 | ||
|---|---|---|---|
| 005 | 20231101103601.0 | ||
| 008 | 231101b |||||||| |||| 00| 0 eng d | ||
| 020 | _a978-93-90-7158-48 | ||
| 041 | _aeng | ||
| 082 | _a344.2 | ||
| 100 |
_aBINDAL, SAURABH AND SIKRI, JUSTICEA.K. _98219 |
||
| 245 | _aAVTAR SINGH'S ARBITRATION AND CONCILIATION: and alternative dispute resclution | ||
| 250 | _a12th ed., | ||
| 260 |
_aLUCKNOE _bE.B.C |
||
| 300 | _a613;p | ||
| 650 | _aLAW | ||
| 942 | _cBK | ||
| 999 |
_c8438 _d8436 |
||